[Event "Reykjavik Open"]
[Site "Reykjavik ISL"]
[Date "2017.04.21"]
[EventDate "2017.04.19"]
[Round "4.111"]
[Result "0-1"]
[White "Leif Reinert Fjallheim"]
[Black "Loftur Baldvinsson"]
[WhiteElo "1667"]
[BlackElo "1971"]
[PlyCount "128"]

1. e4 Nc6 2. Nc3 Nf6 3. f4 d5 4. e5 Bg4 5. Nf3 Nd7 6. Be2 e6
7. d4 Bb4 8. O-O Bxf3 9. Rxf3 Nxd4 10. Rd3 Nf5 11. Na4 Nc5
12. Nxc5 Bxc5+ 13. Kh1 Qe7 14. c3 h5 15. b4 Bb6 16. Rh3 O-O-O
17. Bxh5 g6 18. Bg4 Rxh3 19. Bxh3 Rh8 20. Qf3 d4 21. Bd2 dxc3
22. Bxc3 Nh4 23. Qg4 Nf5 24. Qf3 Nd4 25. Qd3 Rd8 26. Qe4 Nb5
27. Be1 Bd4 28. Rc1 c6 29. a4 Nc3 30. Rxc3 Bxc3 31. Bxc3 Rd1+
32. Be1 Qh4 33. Bxe6+ fxe6 34. g3 Qd8 35. Kg2 Qd5 36. Qxd5
cxd5 37. Bf2 b6 38. a5 Kc7 39. g4 Rb1 40. h4 Rxb4 41. axb6+
axb6 42. Bg3 Rb2+ 43. Kf3 Rb3+ 44. Kf2 Kd7 45. h5 gxh5
46. gxh5 Ke7 47. h6 Kf7 48. f5 Rc3 49. h7 Rc8 50. fxe6+ Kxe6
51. Ke3 Rh8 52. Kd2 Rxh7 53. Kc2 Rh3 54. Bf4 Rf3 55. Bh2 Rf2+
56. Kb3 Rxh2 57. Kb4 Kxe5 58. Kb5 d4 59. Kxb6 Rc2 60. Kb5 d3
61. Kb4 d2 62. Ka3 d1=Q 63. Kb3 Qb1+ 64. Ka3 Ra2# 0-1

[Event "Reykjavik Open"]
[Site "Reykjavik ISL"]
[Date "2017.04.21"]
[EventDate "2017.04.19"]
[Round "4.114"]
[Result "1/2-1/2"]
[White "Atli Johann Leosson"]
[Black "Johann Arnar Finnsson"]
[WhiteElo "1773"]
[BlackElo "1655"]
[PlyCount "64"]

1. e4 d6 2. d4 g6 3. Nf3 Nf6 4. Nc3 Nc6 5. Be2 Bg7 6. Be3 Ng4
7. h3 Nxe3 8. fxe3 Bh6 9. d5 Ne5 10. Nxe5 dxe5 11. Bb5+ Bd7
12. Qe2 c6 13. dxc6 bxc6 14. Bc4 Qb6 15. Nd1 O-O 16. O-O c5
17. b3 Be6 18. Bxe6 Qxe6 19. c4 Qc6 20. Nc3 e6 21. Rad1 Rad8
22. Rd3 a6 23. Rfd1 Qc7 24. Na4 Bg5 25. Rxd8 Rxd8 26. Rxd8+
Bxd8 27. Qd3 Bh4 28. Kh2 Qa5 29. Qc2 Qc7 30. Qd3 Qe7 31. g3
Bg5 32. Nb6 Qc7 1/2-1/2

[Event "Reykjavik Open"]
[Site "Reykjavik ISL"]
[Date "2017.04.21"]
[EventDate "2017.04.19"]
[Round "4.116"]
[Result "0-1"]
[White "Einar S Gudmundsson"]
[Black "Ingrid Jodre Kvamme"]
[WhiteElo "1739"]
[BlackElo "1444"]
[PlyCount "90"]

1. d4 Nf6 2. c4 g6 3. Nc3 Bg7 4. e4 d6 5. h3 O-O 6. Nf3 c5
7. d5 e6 8. Bd3 exd5 9. exd5 Re8+ 10. Be3 Nbd7 11. O-O Ne5
12. Nxe5 Rxe5 13. Bf4 Re8 14. Qd2 a6 15. Bg5 Qc7 16. g4 Nd7
17. Ne4 Ne5 18. Kg2 f5 19. gxf5 Nxd3 20. Qxd3 Bxf5 21. Rae1
Bxb2 22. Qb3 Bxe4+ 23. Rxe4 Rxe4 24. Qxb2 Rae8 25. Qc3 Qf7
26. Rb1 Re2 27. Qf3 Qxf3+ 28. Kxf3 Rxa2 29. Rxb7 Rf8+ 30. Kg3
Raxf2 31. Rb6 R8f5 32. Bh6 R5f3+ 33. Kg4 Rf6 34. Rxa6 Rg2+
35. Kh4 Rf5 36. Ra8+ Kf7 37. Rf8+ Ke7 38. Rxf5 gxf5 39. Bg5+
Kd7 40. Kh5 Rg3 41. h4 Rg4 42. Kh6 f4 43. Kxh7 f3 44. Be3
Rxh4+ 45. Kg6 Rh2 0-1

[Event "Reykjavik Open"]
[Site "Reykjavik ISL"]
[Date "2017.04.21"]
[EventDate "2017.04.19"]
[Round "4.120"]
[Result "1-0"]
[White "Luitjen Akselsson Apol"]
[Black "Baltasar Mani Wedhol Gunnarsson"]
[WhiteElo "1561"]
[BlackElo "1230"]
[PlyCount "111"]

1. e4 e5 2. Nc3 Nc6 3. Bc4 Nf6 4. d3 h6 5. Be3 Bb4 6. Ne2 O-O
7. O-O d6 8. Ng3 Bd7 9. h3 Qc8 10. Nd5 Nxd5 11. Bxd5 Ne7
12. Bb3 Ng6 13. Qf3 Be6 14. Kh2 c5 15. c3 Ba5 16. Nh5 Bxb3
17. axb3 Bd8 18. Ng3 Qe6 19. c4 Bh4 20. Nf5 Bf6 21. Qg3 a6
22. Ra3 Rfe8 23. Rfa1 Nf4 24. Nxh6+ Kf8 25. Ng4 Nxd3 26. Nxf6
Qxf6 27. Rb1 Nf4 28. Qf3 Qg5 29. g3 Qg6 30. gxf4 exf4 31. Bxf4
Rxe4 32. Rg1 Qf6 33. Qxe4 Re8 34. Qf3 Re6 35. Ra2 Re5 36. Qg3
Rf5 37. Bxd6+ Ke8 38. Re1+ Kd7 39. Bb8 Qc6 40. Qd3+ Kc8
41. Qxf5+ Kxb8 42. Qxf7 Qd6+ 43. f4 Ka7 44. Qf5 Qd4 45. Qe5
Qd7 46. Qxc5+ Ka8 47. Rxa6+ bxa6 48. Qd5+ Qxd5 49. cxd5 g5
50. fxg5 a5 51. g6 a4 52. g7 axb3 53. g8=Q+ Kb7 54. Re6 Kc7
55. Qf7+ Kd8 56. Re8# 1-0

[Event "Reykjavik Open"]
[Site "Reykjavik ISL"]
[Date "2017.04.21"]
[EventDate "2017.04.19"]
[Round "4.122"]
[Result "1/2-1/2"]
[White "Chris P Smith"]
[Black "Batel Goitom Haile"]
[WhiteElo "1504"]
[BlackElo "1197"]
[PlyCount "94"]

1. d4 b6 2. c4 e6 3. Nc3 g6 4. e4 Bb7 5. f3 Bg7 6. Be3 Ne7
7. Qd2 d5 8. Rc1 a6 9. cxd5 exd5 10. e5 O-O 11. Bd3 Nd7
12. Nh3 c5 13. Bh6 cxd4 14. Bxg7 Kxg7 15. Ne2 Nxe5 16. Nxd4
Nxd3+ 17. Qxd3 Bc8 18. Nf4 Nf5 19. O-O Kg8 20. Nxf5 Bxf5
21. Qxd5 Qxd5 22. Nxd5 Be6 23. Nc7 Rac8 24. Nxe6 fxe6 25. Rfe1
Kf7 26. Red1 Ke7 27. Kf2 Rfd8 28. Ke2 Kf6 29. Rxd8 Rxc1
30. Rd6 Rc2+ 31. Rd2 Rc6 32. Ke3 h5 33. g3 Kf5 34. a3 a5
35. Rd8 e5 36. Rf8+ Rf6 37. Rxf6+ Kxf6 38. Kd3 Ke6 39. Kc4 Kd6
40. Kb5 Kc7 41. b3 Kb7 42. Kc4 Kc6 43. h3 b5+ 44. Kd3 Kd5
45. a4 bxa4 46. bxa4 g5 47. g4 h4 1/2-1/2

[Event "Reykjavik Open"]
[Site "Reykjavik ISL"]
[Date "2017.04.21"]
[EventDate "2017.04.19"]
[Round "4.123"]
[Result "1/2-1/2"]
[White "Benedikt Briem"]
[Black "Sindri Snaer Kristofersson"]
[WhiteElo "1446"]
[BlackElo "1197"]
[PlyCount "107"]

1. e4 c5 2. Nf3 e6 3. d4 cxd4 4. Nxd4 Nc6 5. Nc3 Qc7 6. Be3 a6
7. Be2 Nf6 8. f3 Be7 9. Qd2 O-O 10. O-O-O b5 11. g4 Bb7 12. h4
Rfc8 13. Bd3 b4 14. Nce2 d5 15. Nxc6 Bxc6 16. g5 Nd7 17. h5
Ne5 18. Rdf1 Nxd3+ 19. Qxd3 Bb5 20. Qd2 f6 21. gxf6 Bxf6
22. exd5 Bxe2 23. Qxe2 Qe5 24. f4 Qxb2+ 25. Kd1 Qa1+ 26. Bc1
Rd8 27. Qxe6+ Kh8 28. h6 Qd4+ 29. Bd2 Rxd5 30. hxg7+ Bxg7
31. Rxh7+ Kxh7 32. Rh1+ Bh6 33. Qxh6+ Kg8 34. Qh7+ Kf8
35. Qh8+ Ke7 36. Qh7+ Kf8 37. Qh8+ Ke7 38. Qxd4 Rxd4 39. Kc1
Ke6 40. Re1+ Kf5 41. Re5+ Kf6 42. Re2 Rc4 43. Rf2 Rac8 44. Be1
Kf5 45. Kb2 a5 46. Kb3 Rxf4 47. Rxf4+ Kxf4 48. c3 bxc3
49. Bxc3 Rc5 50. Be1 Re5 51. Bc3 Re3 52. a4 Kf5 53. Kc4 Re4+
54. Kb5 1/2-1/2

[Event "Reykjavik Open"]
[Site "Reykjavik ISL"]
[Date "2017.04.22"]
[EventDate "2017.04.19"]
[Round "5.2"]
[Result "1/2-1/2"]
[White "Nils Grandelius"]
[Black "Gawain Jones"]
[WhiteElo "2641"]
[BlackElo "2671"]
[PlyCount "60"]

1. d4 Nf6 2. Nf3 g6 3. c4 Bg7 4. Nc3 O-O 5. e4 d6 6. Be2 e5
7. O-O Nc6 8. dxe5 dxe5 9. Bg5 Bg4 10. Qxd8 Nxd8 11. Bxf6 Bxf6
12. Nd5 Kg7 13. Nxc7 Rc8 14. Nd5 Bxf3 15. gxf3 Ne6 16. Kg2
Nf4+ 17. Nxf4 exf4 18. Rfd1 b6 19. Rd7 Rfd8 20. Rad1 Rxd7
21. Rxd7 Bxb2 22. Rxa7 Rc5 23. Rb7 Bd4 24. Rd7 Rg5+ 25. Kf1
Bc5 26. a4 Rh5 27. Kg2 Rg5+ 28. Kf1 Rh5 29. Kg2 Rg5+ 30. Kf1
Rh5 1/2-1/2

[Event "Reykjavik Open"]
[Site "Reykjavik ISL"]
[Date "2017.04.22"]
[EventDate "2017.04.19"]
[Round "5.3"]
[Result "1/2-1/2"]
[White "Dmitry Andreikin"]
[Black "Abhijeet Gupta"]
[WhiteElo "2734"]
[BlackElo "2607"]
[PlyCount "45"]

1. e4 c5 2. Nf3 d6 3. d4 cxd4 4. Nxd4 Nf6 5. Nc3 Nc6 6. Bg5 e6
7. Qd2 a6 8. Nxc6 bxc6 9. O-O-O d5 10. Be2 Be7 11. h4 Rb8
12. Qe3 Qb6 13. Qxb6 Rxb6 14. Be3 Rb8 15. Bf4 Rb6 16. Be3 Rb8
17. Bf4 Rb6 18. Bc7 Rb4 19. Ba5 Rb8 20. Bc7 Rb4 21. Ba5 Rb8
22. Bc7 Rb4 23. Ba5 1/2-1/2

[Event "Reykjavik Open"]
[Site "Reykjavik ISL"]
[Date "2017.04.22"]
[EventDate "2017.04.19"]
[Round "5.5"]
[Result "1-0"]
[White "Zoltan Almasi"]
[Black "Alejandro Ramirez Alvarez"]
[WhiteElo "2696"]
[BlackElo "2555"]
[PlyCount "107"]

1. Nf3 d5 2. g3 g6 3. c4 dxc4 4. Na3 Bg7 5. Nxc4 Nc6 6. d3 e5
7. Bd2 Nge7 8. Bg2 Be6 9. Bc3 f6 10. O-O O-O 11. Ncd2 Nd5
12. Ne4 Qe7 13. Qa4 Kh8 14. Bd2 Nb6 15. Qc2 Rad8 16. Nc5 Bc8
17. a3 Nd5 18. e4 Nb6 19. Rfc1 f5 20. b4 f4 21. b5 Nd4
22. Nxd4 exd4 23. Nb3 Be5 24. Bb4 Qg5 25. Bxf8 Rxf8 26. Qd2
Qh5 27. Rc5 Nd7 28. Rxe5 Nxe5 29. Nxd4 Bh3 30. Bh1 Kg8 31. Rc1
Rd8 32. Qc3 c6 33. bxc6 bxc6 34. Qb3+ Kg7 35. Qc3 Kg8 36. Qb3+
Kg7 37. Qb4 Rd7 38. Qc3 Kg8 39. Qb3+ Kg7 40. Qc3 Kg8 41. Qb3+
Kg7 42. Qb2 Kh6 43. Nf5+ Bxf5 44. Qxe5 fxg3 45. hxg3 Bg4
46. Qf4+ Kg7 47. Rxc6 Rxd3 48. Rc7+ Rd7 49. Bf3 Qa5 50. Rxd7+
Bxd7 51. Qd6 Bb5 52. Kg2 a6 53. e5 Qe1 54. Qf6+ 1-0

[Event "Reykjavik Open"]
[Site "Reykjavik ISL"]
[Date "2017.04.22"]
[EventDate "2017.04.19"]
[Round "5.6"]
[Result "1/2-1/2"]
[White "Awonder Liang"]
[Black "Sergei Movsesian"]
[WhiteElo "2483"]
[BlackElo "2677"]
[PlyCount "51"]

1. e4 e5 2. Nf3 Nc6 3. Nc3 Nf6 4. Bb5 Bd6 5. d3 h6 6. h3 O-O
7. g4 Nd4 8. Bc4 c6 9. g5 hxg5 10. Bxg5 Be7 11. Rg1 d5
12. exd5 Nxd5 13. Bxe7 Qxe7 14. Bxd5 cxd5 15. Nxd5 Qd8 16. Ne3
Qb6 17. c3 Nxf3+ 18. Qxf3 Qxb2 19. Qf6 Qxc3+ 20. Ke2 Qb2+
21. Nc2 Qxc2+ 22. Ke3 Qc5+ 23. Ke2 Qc2+ 24. Ke3 Qc5+ 25. Ke2
Qc2+ 26. Ke3 1/2-1/2

[Event "Reykjavik Open"]
[Site "Reykjavik ISL"]
[Date "2017.04.22"]
[EventDate "2017.04.19"]
[Round "5.9"]
[Result "1/2-1/2"]
[White "Mustafa Yilmaz"]
[Black "Alexander Donchenko"]
[WhiteElo "2614"]
[BlackElo "2554"]
[PlyCount "95"]

1. c4 c5 2. Nf3 Nc6 3. Nc3 g6 4. g3 Bg7 5. Bg2 d6 6. O-O e6
7. e3 Nge7 8. d4 O-O 9. Re1 b6 10. b3 d5 11. cxd5 exd5 12. Ba3
cxd4 13. Nxd4 Nxd4 14. exd4 Be6 15. Bxe7 Qxe7 16. Bxd5 Rad8
17. Rc1 Qb4 18. Bxe6 Bxd4 19. Qc2 Qxc3 20. Qxc3 Bxc3 21. Rxc3
fxe6 22. Rce3 Rd2 23. R1e2 Rxe2 24. Rxe2 Re8 25. Kg2 Kf7
26. Rc2 Re7 27. Kf3 Rd7 28. h4 Kf6 29. Ke4 h5 30. Ke3 Ke5
31. Rc8 Kf6 32. Rf8+ Ke7 33. Rg8 Kf6 34. Rc8 Kf7 35. f3 Kf6
36. Rf8+ Ke7 37. Rc8 Kf6 38. Rc4 Ke5 39. Re4+ Kf6 40. Rf4+ Ke7
41. g4 hxg4 42. fxg4 Rd1 43. Rc4 Rh1 44. Rc7+ Kf6 45. Rxa7
Rxh4 46. Rb7 Rh2 47. Rxb6 Rxa2 48. Ke4 1/2-1/2

[Event "Reykjavik Open"]
[Site "Reykjavik ISL"]
[Date "2017.04.22"]
[EventDate "2017.04.19"]
[Round "5.10"]
[Result "1-0"]
[White "Jorden van Foreest"]
[Black "Dronavalli Harika"]
[WhiteElo "2584"]
[BlackElo "2521"]
[PlyCount "109"]

1. d4 Nf6 2. Bf4 g6 3. Nc3 d5 4. Qd2 Bg7 5. Bh6 Bxh6 6. Qxh6
Bf5 7. Qd2 c5 8. e3 cxd4 9. exd4 Nc6 10. Bb5 Rc8 11. f3 h5
12. Nge2 Kf8 13. O-O a6 14. Bxc6 Rxc6 15. Rfe1 Qc7 16. Ng3 Be6
17. Rac1 h4 18. Nge2 Bf5 19. Nf4 e6 20. Qe3 Kg7 21. g4 hxg3
22. hxg3 b5 23. a3 g5 24. Nfe2 g4 25. Qg5+ Bg6 26. fxg4 Rxc3
27. bxc3 Ne4 28. Qe3 Rc8 29. Rf1 Qe7 30. Kg2 Ng5 31. Nf4 Ne4
32. Nxg6 Kxg6 33. Rf3 Qg5 34. Qf4 Qxf4 35. gxf4 Nxc3 36. Rh1
Ne4 37. c3 a5 38. f5+ Kg7 39. fxe6 fxe6 40. Rfh3 b4 41. axb4
axb4 42. cxb4 Rc2+ 43. Kf3 Ng5+ 44. Kf4 Nxh3+ 45. Rxh3 Rb2
46. Ke5 Rxb4 47. Rf3 Kg6 48. Rf6+ Kg5 49. Rxe6 Rb5 50. Rd6
Kxg4 51. Rxd5 Rb1 52. Rd8 Kf3 53. Rf8+ Ke3 54. d5 Rb5 55. Rh8
1-0

[Event "Reykjavik Open"]
[Site "Reykjavik ISL"]
[Date "2017.04.22"]
[EventDate "2017.04.19"]
[Round "5.11"]
[Result "1/2-1/2"]
[White "Sopiko Guramishvili"]
[Black "Alexander Beliavsky"]
[WhiteElo "2363"]
[BlackElo "2597"]
[PlyCount "84"]

1. d4 f5 2. g3 Nf6 3. Bg2 g6 4. Nf3 Bg7 5. O-O O-O 6. b4 c6
7. Bb2 a5 8. bxa5 Qxa5 9. Nbd2 Qa4 10. Qb1 Na6 11. a3 Kh8
12. Qa2 Nb4 13. Qc4 Nbd5 14. Qd3 d6 15. c4 Nb6 16. c5 Nbd5
17. Nb3 Be6 18. Nfd2 Qa6 19. Qxa6 Rxa6 20. a4 Nb4 21. a5 Ne4
22. Bxe4 fxe4 23. Ra4 Bxb3 24. Rxb4 Bd5 25. Rxb7 Rxa5 26. Rc1
Ra2 27. e3 Bf6 28. Nb1 Raa8 29. cxd6 exd6 30. Nc3 Rfb8
31. Rxb8+ Rxb8 32. Ba3 Be7 33. Nxd5 cxd5 34. Rc6 Rd8 35. Ra6
Kg8 36. Ra5 Kf7 37. Rxd5 Ra8 38. Bb4 Ra1+ 39. Kg2 Rb1 40. Bc3
Rc1 41. Bd2 Rd1 42. Bc3 Rc1 1/2-1/2

[Event "Reykjavik Open"]
[Site "Reykjavik ISL"]
[Date "2017.04.22"]
[EventDate "2017.04.19"]
[Round "5.12"]
[Result "0-1"]
[White "Dorsa Derakhshani"]
[Black "Emre Can"]
[WhiteElo "2351"]
[BlackElo "2578"]
[PlyCount "150"]

1. e4 g6 2. d4 Bg7 3. Nc3 d6 4. f4 a6 5. Nf3 b5 6. Bd3 Nd7
7. a4 b4 8. Ne2 e6 9. c3 bxc3 10. bxc3 Ne7 11. f5 exf5
12. exf5 Nf6 13. Ng3 O-O 14. O-O c5 15. Qb3 Qc7 16. Ba3 Rb8
17. Qc4 Ned5 18. fxg6 Ne3 19. gxh7+ Kh8 20. Qa2 Nxf1 21. Rxf1
Qa5 22. Qd2 Rb3 23. Bb2 Be6 24. h4 c4 25. Be2 Rfb8 26. Bc1
Qxc3 27. Qf4 Rb1 28. Qxd6 Rc8 29. Bd2 Rxf1+ 30. Bxf1 Qb2
31. h5 Nd5 32. Bxc4 Bxd4+ 33. Kh2 Bc5 34. Qxa6 Qb6 35. Qxb6
Bxb6 36. Bb3 Nf6 37. Bxe6 fxe6 38. Bf4 Ng4+ 39. Kh3 Nf2+
40. Kh2 Ng4+ 41. Kh3 Nf2+ 42. Kh2 Rc4 43. Be5+ Kxh7 44. a5 Ba7
45. Bd6 Ra4 46. Bc7 Kh6 47. Ne2 Be3 48. Ng3 Ra1 49. Ne5 Kh7
50. Nd7 Kh6 51. Bb6 Ng4+ 52. Kh3 Nf2+ 53. Kh2 Ra3 54. Nf8 Ng4+
55. Kh3 Nf2+ 56. Kh2 Ng4+ 57. Kh3 Nf6 58. Bc7 Nxh5 59. Nxh5
Kxh5 60. g4+ Kg5 61. Bd8+ Kf4 62. Kh4 e5 63. Bc7 Ke4 64. Nd7
Bf4 65. Nf6+ Kf3 66. g5 Ra1 67. Kh5 Rg1 68. Nh7 e4 69. Bb6 e3
70. Bxe3 Bxe3 71. a6 Kf4 72. Kg6 Ra1 73. Kf7 Rxa6 74. g6 Bd4
75. Nf8 Ke5 0-1

[Event "Reykjavik Open"]
[Site "Reykjavik ISL"]
[Date "2017.04.22"]
[EventDate "2017.04.19"]
[Round "5.14"]
[Result "1/2-1/2"]
[White "Vignir Vatnar Stefansson"]
[Black "Johann Hjartarson"]
[WhiteElo "2341"]
[BlackElo "2536"]
[PlyCount "116"]

1. d4 Nf6 2. c4 g6 3. Nc3 Bg7 4. e4 d6 5. Be2 O-O 6. Be3 Na6
7. a3 c5 8. e5 Ne8 9. exd6 Nxd6 10. Nf3 Nf5 11. d5 Nxe3
12. fxe3 Nc7 13. Qd2 b6 14. e4 Bg4 15. O-O Bxf3 16. gxf3 Ne6
17. Rad1 Nd4 18. f4 e5 19. f5 Qh4 20. Bd3 Bh6 21. Qf2 Qh5
22. Ne2 Qh3 23. Qg3 Be3+ 24. Kh1 Qxg3 25. hxg3 gxf5 26. exf5
Nxe2 27. Bxe2 e4 28. Kg2 Rad8 29. b3 Rd6 30. Rh1 h6 31. Bh5
Bd4 32. Rh4 Re8 33. Re1 e3 34. Be2 Kg7 35. Bd3 b5 36. Rg4+ Kf8
37. Kf3 Ra6 38. cxb5 Rxa3 39. Bc4 Ra2 40. Rf4 Rf2+ 41. Kg4 Rh2
42. Re2 Rxe2 43. Bxe2 Re5 44. d6 Rd5 45. Re4 Rxd6 46. Kf4 Rb6
47. Bc4 Rb7 48. g4 Rb6 49. Kf3 f6 50. Kf4 Rb7 51. Re6 Rd7
52. Re4 Rg7 53. Re6 Rh7 54. Ra6 Re7 55. Re6 Rxe6 56. fxe6 Ke7
57. Kf5 Bc3 58. Be2 Bd4 1/2-1/2

[Event "Reykjavik Open"]
[Site "Reykjavik ISL"]
[Date "2017.04.22"]
[EventDate "2017.04.19"]
[Round "5.15"]
[Result "1-0"]
[White "Joshua E Friedel"]
[Black "Alina L'Ami"]
[WhiteElo "2524"]
[BlackElo "2324"]
[PlyCount "137"]

1. d4 Nf6 2. c4 g6 3. g3 Bg7 4. Bg2 O-O 5. Nc3 d6 6. Nf3 Nc6
7. O-O Bf5 8. Ne1 Qd7 9. e4 Bh3 10. Nc2 Rfe8 11. Bxh3 Qxh3
12. f3 e5 13. d5 Ne7 14. Bg5 Nh5 15. Qd2 Qd7 16. g4 Nf6
17. Kh1 Kh8 18. Rg1 Nfg8 19. Raf1 Rf8 20. Ne1 f5 21. gxf5 gxf5
22. Nd3 Ng6 23. Qg2 f4 24. Qg4 Qxg4 25. Rxg4 Bf6 26. c5 a6
27. a4 Bxg5 28. Rxg5 Nf6 29. Rg2 Nh4 30. Rc2 Rf7 31. Nb1 Rg8
32. Na3 Rfg7 33. Ne1 Nh5 34. Nc4 Rg6 35. cxd6 cxd6 36. Nb6 Rh6
37. Rc8 Ng3+ 38. hxg3 Nf5+ 39. Kg1 Nxg3 40. Rxg8+ Kxg8 41. Kg2
Nxf1 42. Kxf1 Kf7 43. Kg2 Rg6+ 44. Kf2 Rh6 45. b4 Ke7 46. Kg2
Rg6+ 47. Kf2 Rh6 48. Kg1 Rg6+ 49. Ng2 Rg3 50. b5 axb5 51. axb5
Rxf3 52. Nh4 Rb3 53. Nf5+ Kd8 54. Nc4 Rxb5 55. Nfxd6 Rb1+
56. Kf2 h5 57. Nxe5 h4 58. Ndf7+ Ke8 59. d6 Rd1 60. Ke2 Rd4
61. Kf3 h3 62. d7+ Rxd7 63. Nxd7 Kxf7 64. Ne5+ Ke6 65. Nd3 h2
66. Kg2 Kf6 67. Kxh2 Kg5 68. Kg2 Kg4 69. Nf2+ 1-0

[Event "Reykjavik Open"]
[Site "Reykjavik ISL"]
[Date "2017.04.22"]
[EventDate "2017.04.19"]
[Round "5.19"]
[Result "0-1"]
[White "Oliver Kniest"]
[Black "Magesh Chandran Panchanathan"]
[WhiteElo "2301"]
[BlackElo "2494"]
[PlyCount "128"]

1. d4 Nf6 2. Nf3 e6 3. e3 d6 4. Bd3 Nbd7 5. c4 e5 6. Nc3 c6
7. O-O Qc7 8. b3 Be7 9. Bb2 O-O 10. Rc1 a6 11. Qc2 Re8 12. h3
Qb8 13. Ne2 Bf8 14. Ng3 g6 15. Nd2 Bg7 16. Rce1 d5 17. dxe5
Nxe5 18. Be2 dxc4 19. Nxc4 Nd5 20. Bd4 Qc7 21. Bc5 Rd8 22. e4
Nxc4 23. Bxc4 Nf4 24. Rd1 Be6 25. Ne2 Bxc4 26. Qxc4 Ne6
27. Be3 b5 28. Qc2 c5 29. Rd5 Rdc8 30. Rfd1 c4 31. Nd4 cxb3
32. Qxb3 Nf4 33. Bxf4 Qxf4 34. Qd3 Rc1 35. f3 Rxd1+ 36. Qxd1
Qe3+ 37. Kh2 Be5+ 38. Kh1 Rc8 39. Ne2 Bf6 40. Rd3 Qc5 41. Rd2
a5 42. f4 b4 43. e5 Be7 44. Qb3 Qc6 45. Kh2 Qe4 46. Rd7 Kf8
47. Qd1 Qc2 48. Qd4 Qc5 49. Qa1 Ke8 50. Rd1 Qe3 51. Qb2 a4
52. e6 f6 53. Qd4 Qxe6 54. Re1 Kf8 55. Qd2 Rd8 56. Qc2 Qe3
57. Rf1 b3 58. axb3 axb3 59. Qc4 b2 60. Nc3 Qd3 61. Qxd3 Rxd3
62. Na4 Ba3 63. Rb1 Rb3 64. Kg1 Rb4 0-1

[Event "Reykjavik Open"]
[Site "Reykjavik ISL"]
[Date "2017.04.22"]
[EventDate "2017.04.19"]
[Round "5.20"]
[Result "1-0"]
[White "Abhijit Kunte"]
[Black "Leon David Piasetski"]
[WhiteElo "2491"]
[BlackElo "2300"]
[PlyCount "103"]

1. d4 g6 2. Nf3 Bg7 3. c3 Nf6 4. Bf4 d6 5. h3 b6 6. e3 O-O
7. Be2 Bb7 8. O-O c5 9. Bh2 Nbd7 10. a4 a6 11. Na3 Ra7 12. Qb3
Qa8 13. Rac1 Rc8 14. Rfd1 cxd4 15. cxd4 Bd5 16. Qd3 Be4
17. Rxc8+ Qxc8 18. Qc4 Qxc4 19. Bxc4 Bd5 20. Bxd5 Nxd5 21. Rc1
Rc7 22. Rxc7 Nxc7 23. Nd2 f5 24. Kf1 Kf7 25. Ke2 e5 26. Nc2 b5
27. axb5 axb5 28. Kd3 Ke6 29. f3 f4 30. e4 d5 31. Bg1 Kd6
32. exd5 Nxd5 33. Ne4+ Ke7 34. Nc3 Nxc3 35. bxc3 Kd6 36. Na3
Kc6 37. d5+ Kxd5 38. Nxb5 Nc5+ 39. Bxc5 Kxc5 40. Na3 Kd5
41. Nc4 Bf6 42. Nd2 Bd8 43. Nb3 Bc7 44. c4+ Kc6 45. Ke4 Bb8
46. h4 h5 47. c5 Bc7 48. Nc1 Bd8 49. Nd3 Bxh4 50. Nxe5+ Kxc5
51. Nxg6 Bd8 52. Nxf4 1-0

[Event "Reykjavik Open"]
[Site "Reykjavik ISL"]
[Date "2017.04.22"]
[EventDate "2017.04.19"]
[Round "5.21"]
[Result "1-0"]
[White "Damian Lemos"]
[Black "Vera Nebolsina"]
[WhiteElo "2471"]
[BlackElo "2285"]
[PlyCount "145"]

1. Nf3 Nf6 2. g3 g6 3. b3 Bg7 4. Bb2 O-O 5. Bg2 d6 6. d4 Nbd7
7. c4 e5 8. dxe5 Ng4 9. Nc3 Ngxe5 10. O-O Nxf3+ 11. Bxf3 a5
12. Qd2 Nc5 13. Nd5 Be6 14. Rad1 Bxd5 15. Bxd5 Qe7 16. Rfe1
Bxb2 17. Qxb2 Qe5 18. Qc2 Kg7 19. Bg2 f5 20. Rd5 Qf6 21. e3
Rae8 22. a3 b6 23. b4 axb4 24. axb4 Ne4 25. Rd4 Re7 26. Red1
Qe5 27. Rd5 Qf6 28. Bxe4 fxe4 29. c5 bxc5 30. bxc5 dxc5
31. Rxc5 Kh6 32. Rf1 Rff7 33. Qc4 Qf3 34. Qc2 Rd7 35. Rc4 Rfe7
36. Qa4 Rd2 37. Rd4 Rxd4 38. Qxd4 Rf7 39. Qe5 Rd7 40. h3 Qf5
41. Qxf5 gxf5 42. Rc1 Kg6 43. Rc6+ Kg5 44. Kg2 Rg7 45. h4+ Kg4
46. Rc4 Kh5 47. Kh3 Rd7 48. Rc5 Rf7 49. g4+ Kg6 50. g5 f4
51. Rc6+ Kg7 52. Kg4 fxe3 53. fxe3 Rf3 54. Rxc7+ Kg8 55. Rc8+
Kg7 56. Rc7+ Kg8 57. Rc3 Kg7 58. h5 Kf7 59. Rc7+ Kg8 60. h6
Rxe3 61. Rc8+ Kf7 62. Rh8 Re1 63. Rxh7+ Kg8 64. Re7 e3 65. Kf5
Kf8 66. Re6 Re2 67. Kg6 Re1 68. h7 Rh1 69. Rf6+ Ke7 70. Rf3 e2
71. Re3+ Kf8 72. Rxe2 Rh6+ 73. Kxh6 1-0

[Event "Reykjavik Open"]
[Site "Reykjavik ISL"]
[Date "2017.04.22"]
[EventDate "2017.04.19"]
[Round "5.22"]
[Result "1/2-1/2"]
[White "Gudmundur Kjartansson"]
[Black "Rajdeep Sarkar"]
[WhiteElo "2468"]
[BlackElo "2273"]
[PlyCount "92"]

1. d4 d5 2. c4 e6 3. Nf3 c6 4. e3 Nf6 5. Bd3 a6 6. O-O dxc4
7. Bxc4 b5 8. Be2 c5 9. a4 b4 10. b3 Bb7 11. Bb2 Nbd7 12. Nbd2
Be7 13. Nc4 O-O 14. Rc1 Qc7 15. dxc5 Bxc5 16. Bd3 Rac8 17. Qe2
Nd5 18. Nfe5 N7f6 19. a5 Rfd8 20. Bb1 Qb8 21. Ng4 Be7 22. Be5
Qa7 23. Nb6 Nxb6 24. Nxf6+ Bxf6 25. Bxf6 gxf6 26. Qg4+ Kh8
27. Qh5 Kg7 28. Qg4+ Kh8 29. Qh5 Kg7 30. Qxh7+ Kf8 31. axb6
Qxb6 32. Be4 Rc3 33. Bxb7 Qxb7 34. h4 Rxb3 35. Rfd1 Rxd1+
36. Rxd1 Ke7 37. h5 Rc3 38. h6 b3 39. Qg7 b2 40. h7 Rc8
41. h8=Q Rxh8 42. Qxh8 Qd5 43. Rb1 Qc5 44. Qh1 Qc2 45. Kh2
Qh7+ 46. Kg3 Qg6+ 1/2-1/2

[Event "Reykjavik Open"]
[Site "Reykjavik ISL"]
[Date "2017.04.22"]
[EventDate "2017.04.19"]
[Round "5.25"]
[Result "0-1"]
[White "Eugenio Torre"]
[Black "Ramesh Babu Vaishali"]
[WhiteElo "2455"]
[BlackElo "2259"]
[PlyCount "146"]

1. d4 Nf6 2. Bg5 d5 3. e3 e6 4. Nd2 Be7 5. Bd3 O-O 6. f4 c5
7. c3 b6 8. Ngf3 Ba6 9. Bxa6 Nxa6 10. Ne5 Rc8 11. Bxf6 Bxf6
12. O-O Nc7 13. Qg4 Nb5 14. f5 exf5 15. Rxf5 Nd6 16. Rh5 Rc7
17. Qh3 h6 18. Qf3 cxd4 19. exd4 Bg5 20. Rd1 Qf6 21. Qxf6 Bxf6
22. Nef3 Nc4 23. Nxc4 dxc4 24. Re1 Rd8 25. Kf2 a6 26. Rf5 b5
27. a3 Rc6 28. Ne5 Re6 29. Ng4 Be7 30. Rxe6 fxe6 31. Re5 Kf7
32. Re2 Bd6 33. Kf3 Ke7 34. g3 Rf8+ 35. Kg2 Kd7 36. Nf2 Rf5
37. Nd1 h5 38. Ne3 Rf6 39. Rf2 Rxf2+ 40. Kxf2 e5 41. dxe5 Bc5
42. Kf3 Ke6 43. Ng2 Kxe5 44. Nf4 g5 45. Nxh5 g4+ 46. Ke2 Be7
47. Nf4 Bg5 48. Ng2 Ke4 49. Kd1 Be3 50. Nxe3 Kxe3 51. Ke1 a5
52. Kf1 Kd3 53. Kf2 Kc2 54. h4 gxh3 55. g4 Kxb2 56. g5 h2
57. Kg2 h1=Q+ 58. Kxh1 b4 59. axb4 axb4 60. g6 bxc3 61. g7 c2
62. g8=Q c1=Q+ 63. Kg2 c3 64. Qb8+ Ka1 65. Kh3 c2 66. Qa8+ Kb1
67. Qe4 Qa3+ 68. Kh4 Kb2 69. Qe2 Qa4+ 70. Kh5 Qa5+ 71. Kg6 Qd5
72. Qf2 Qe6+ 73. Kh5 Kb1 0-1

[Event "Reykjavik Open"]
[Site "Reykjavik ISL"]
[Date "2017.04.22"]
[EventDate "2017.04.19"]
[Round "5.27"]
[Result "1/2-1/2"]
[White "Tania Sachdev"]
[Black "Eivind Olav Risting"]
[WhiteElo "2429"]
[BlackElo "2250"]
[PlyCount "78"]

1. d4 Nf6 2. c4 c5 3. d5 b5 4. cxb5 a6 5. e3 axb5 6. Bxb5 Qa5+
7. Nc3 Bb7 8. Ne2 Nxd5 9. O-O e6 10. e4 Nxc3 11. Nxc3 Be7
12. Re1 O-O 13. Qh5 g6 14. Qh3 Nc6 15. Bd2 Qb6 16. a4 Nd4
17. Rad1 d6 18. Bh6 Rfd8 19. Qg4 Bc6 20. Bxc6 Nxc6 21. Qe2 Bf6
22. Rb1 Rdb8 23. Qd2 Be5 24. Bf4 Bxc3 25. Qxc3 e5 26. Bg5 Rxa4
27. Qh3 Re8 28. Qd7 Re6 29. Re3 Ra8 30. Rf3 Rf8 31. Rxf7 Rxf7
32. Qxe6 Nd4 33. Qe8+ Rf8 34. Qe7 Rf7 35. Qe8+ Rf8 36. Qd7 Rf7
37. Qe8+ Rf8 38. Qd7 Rf7 39. Qe8+ Rf8 1/2-1/2

[Event "Reykjavik Open"]
[Site "Reykjavik ISL"]
[Date "2017.04.22"]
[EventDate "2017.04.19"]
[Round "5.28"]
[Result "1/2-1/2"]
[White "Halldor Gretar Einarsson"]
[Black "Sarin Nihal"]
[WhiteElo "2257"]
[BlackElo "2424"]
[PlyCount "57"]

1. d4 e6 2. c4 b6 3. Nf3 Bb7 4. g3 Bb4+ 5. Bd2 Bxf3 6. exf3
Bxd2+ 7. Qxd2 c6 8. d5 Nf6 9. Nc3 O-O 10. Be2 Na6 11. O-O cxd5
12. cxd5 Nb4 13. f4 Rc8 14. Bf3 Nbxd5 15. Nxd5 Nxd5 16. Bxd5
exd5 17. Rfe1 Qf6 18. Re5 Rc5 19. Rd1 d6 20. Rxd5 Rxd5
21. Qxd5 Qxb2 22. Rd2 Qc1+ 23. Rd1 Qa3 24. Rd3 Qa4 25. Rd4 Qa3
26. Rd3 Qb2 27. Rd2 Qc1+ 28. Rd1 Qb2 29. Rd2 1/2-1/2